[Event "Bundesliga 9798"]
[Site "Germany"]
[Date "1998.03.01"]
[Round "11.1"]
[White "Dautov, Rustem"]
[Black "Jussupow, Artur"]
[Result "1-0"]
[WhiteElo "2595"]
[BlackElo "2640"]
[Annotator "Dautov,R"]
[PlyCount "147"]
[EventDate "1997.10.18"]
[EventType "team-tourn"]
[EventRounds "15"]
[EventCountry "GER"]
[SourceTitle "CBM 063"]
[Source "ChessBase"]
[SourceDate "1998.03.26"]
[SourceVersion "1"]
[SourceVersionDate "1998.03.26"]
[SourceQuality "1"]
[WhiteTeam "St Ingbert"]
[BlackTeam "Solingen"]
[WhiteTeamCountry "GER"]
[BlackTeamCountry "GER"]

1. d4 Nf6 2. c4 e6 3. Nf3 d5 4. Nc3 Be7 5. Bg5 h6 6. Bh4 O-O 7. e3 b6 8. Bxf6 (
8. Qb3 $142 Bb7 9. Bxf6 Bxf6 10. cxd5 exd5) 8... Bxf6 9. Qb3 c6 $1 (9... Bb7
10. cxd5 exd5 11. Rd1) 10. Rd1 Nd7 (10... Ba6 $6 11. Bd3 {/\} Nd7 $2 12. cxd5
Bxd3 13. dxc6 $16) 11. Bd3 Bb7 12. O-O Re8 $6 (12... dxc4 13. Bxc4 Qc7 $11) (
12... Qc7 13. e4 (13. cxd5 cxd5 14. Nb5 Qb8 15. Rc1 a6 $11) 13... dxc4 14. Qxc4
Rac8 $11) 13. cxd5 cxd5 (13... exd5 14. e4) 14. Nb5 $1 Qb8 (14... Nf8 15. Rc1
Re7 16. Qa3 Rd7 (16... a6 17. Nd6 $14) 17. Ne5 Bxe5 18. dxe5 $16) (14... Ba6
15. Qa4 Bxb5 16. Bxb5 Re7 17. Rc1 $14) 15. Rc1 Rc8 16. Rxc8+ (16. Qa3 $6 a6 17.
Rxc8+ Bxc8 $11) 16... Qxc8 (16... Bxc8 17. Rc1 a6 18. Nc7 Ra7 19. Qc2 Bb7 20.
b4 {/\a4,b5} (20. a4 $6 Be7 21. Qc3 Qf8) 20... Be7 (20... Qf8 21. Qa4 $14) (
20... b5 $6 21. a4 bxa4 22. Qxa4 Nb6 23. Qa5 Nc4 24. Bxc4 dxc4 25. Qb6 $16) 21.
b5 axb5 22. Nxb5 Ra5 23. Qc7 $14) 17. Nd6 (17. Qa3 $1 a6 (17... Qc6 18. Qd6 $1
a6 19. Qxc6 Bxc6 20. Nc7 $16) 18. Nd6 Qc7 19. Nxb7 Qxb7 20. Rc1 $14) 17... Qc6
18. Nxb7 Qxb7 19. Qa4 (19. Qa3 a5 20. Rc1 Rc8 $11) 19... a6 (19... Qc7 $1 20.
Ba6 Rd8 $11 {/\Nb8}) 20. Rc1 b5 21. Qc2 Nb6 22. Qc6 Rb8 23. b3 $14 Kf8 (23...
Qe7 24. g3 Qd8 25. Rc2 Rc8 26. Qb7 $14) 24. h4 Qxc6 25. Rxc6 Bd8 $2 (25... Ke8
26. Rc7 Rc8 27. Ra7 Rc3 28. Bf1 $16) (25... Rb7 26. g4 g5 27. hxg5 hxg5 {
/\Ke7-d7} 28. Ne5 (28. e4 dxe4 29. Bxe4 Rb8 30. Rc7 Rd8 31. Ra7 Nd5 $11) 28...
Bxe5 29. dxe5 Nd7 30. f4 a5 31. a3 $14) 26. Ne5 Ke8 $2 (26... Rc8 $2 27. Nd7+
Ke7 28. Rxc8 Nxc8 29. Nc5 $16) 27. Bg6 $3 fxg6 28. Rxe6+ Kf8 (28... Be7 29.
Rxe7+ Kxe7 30. Nc6+ Kd6 31. Nxb8 a5 32. Kf1 $18) 29. Nc6 Nd7 30. Rd6 $1 (30.
Nxb8 Nxb8 31. g3 $14 Kf7 32. Rd6 Be7 33. Rxd5 (33. Rb6 Nd7 34. Rxa6 b4) 33...
Ke6 34. Re5+ Kd6 $14) 30... Rc8 31. Rxd7 $16 Bxh4 32. Rd6 $6 (32. Ne5 $1 Rc1+ (
32... Rc2 33. g3 Bf6 34. Nxg6+ Ke8 35. Ra7 Rxa2 36. Nf4 $16) 33. Kh2 Rc2 (33...
Bxf2 $4 34. Rf7+) 34. f3 $1 (34. f4 Bf6 35. Nxg6+ Ke8 36. Rxd5 Rxa2 37. e4 $16)
34... Bg5 (34... Bf6 35. Nxg6+ Ke8 36. Ra7 Rxa2 37. Nf4 $18) 35. Nxg6+ Kg8 36.
f4 $16) 32... Bf6 33. b4 h5 $138 34. a3 $138 g5 35. g3 (35. Na7 $5 Rc1+ (35...
Ra8 36. Rxa6 Bd8 37. f3 $16) 36. Kh2 Rc2 37. Rxa6 Rxf2 38. Nxb5 h4 39. Nc3 g4
40. Nxd5 h3 41. Nf4 $18) 35... g4 36. Kg2 $2 (36. Ne5 $1 Bxe5 37. dxe5 $16)
36... Kf7 37. Ne5+ Bxe5 38. dxe5 Rc2 $2 (38... Rc4 $5 {Yusupov} 39. Rxa6 (39.
Rxd5 Rc3 40. Rd7+ Ke6 41. Rxg7 Rxa3 $14) 39... d4 40. exd4 Rxd4 41. Ra5 Rd3 42.
Rxb5 Rxa3 43. Rb7+ Kg6 $14 (43... Ke6 $2 44. Rxg7 Kxe5 45. Rg5+ Kf6 46. Rxh5
Rb3 47. b5 $18) 44. b5 Rb3 45. e6 Kf6 46. e7 Kf7 47. b6 g5 48. Rb8 Kxe7 49. b7
Kd7 $11) (38... Rc3 39. Rxa6 g5 40. Rf6+ (40. Rd6 Rd3 $1 {/\h4}) 40... Kg7 41.
Rb6 (41. Rd6 Rd3) 41... Rxa3 42. Rxb5 Rb3 43. Rb8 (43. Rxd5 Rxb4 44. e6 Kf6 45.
e7 Re4 $11) (43. Rb7+ Kg6) 43... h4 44. gxh4 gxh4 45. b5 Rb2 $14) 39. Rxa6 Ra2
40. Rd6 Rxa3 41. Rxd5 Ke6 42. Rxb5 $18 Rb3 (42... g5 $5 {Yusupov} 43. Rb8 $1 (
43. Rc5 Rb3 44. b5 Rb2 $11) 43... Kxe5 44. b5 Rb3 45. b6 h4 (45... Kd6 46. Rg8
Rxb6 47. Rxg5 $18) 46. gxh4 gxh4 47. b7 Kd6 48. Rh8 h3+ 49. Kg3 Rxb7 50. Kxg4
$18) 43. Rb7 Kxe5 44. Rxg7 Rxb4 45. Rg5+ Kf6 46. Rxh5 Rb1 47. Rh1 Rb5 48. Rd1
Kf5 49. Kf1 Ra5 50. Ke2 Ra2+ 51. Rd2 Ra5 52. Rc2 Rb5 53. Ra2 Ke5 54. Kd3 (54.
f3 gxf3+ 55. Kxf3 $18) 54... Rd5+ 55. Kc4 Rd8 (55... Ke4 56. Ra4 Rf5 57. Kc3+
Kf3 58. Rf4+ $18) 56. Ra5+ Ke4 57. Rg5 Rc8+ 58. Kb3 Kf3 59. Rf5+ Ke2 60. Rf4
Rc7 61. Kb4 Rc2 62. e4 Rc8 63. e5 Re8 64. Rxg4 Rxe5 (64... Kxf2 65. Rg5 $18)
65. Rf4 Kf1 66. g4 Rd5 67. Kc4 Rd8 68. g5 Kg2 69. g6 Rg8 70. Rf6 Kh3 71. Kd5
Kg4 72. Ke6 Kg5 73. Kf7 Ra8 74. Kg7 1-0

[Event "Bundesliga 9798"]
[Site "Germany"]
[Date "1998.04.26"]
[Round "15.1"]
[White "Dautov, Rustem"]
[Black "Alterman, Boris"]
[Result "1-0"]
[WhiteElo "2595"]
[BlackElo "2615"]
[Annotator "Hecht,H"]
[PlyCount "133"]
[EventDate "1997.10.18"]
[EventType "team-tourn"]
[EventRounds "15"]
[EventCountry "GER"]
[SourceTitle "CBM 064"]
[Source "ChessBase"]
[SourceDate "1998.06.02"]
[SourceVersion "1"]
[SourceVersionDate "1998.06.02"]
[SourceQuality "1"]
[WhiteTeam "St Ingbert"]
[BlackTeam "Bochum"]
[WhiteTeamCountry "GER"]
[BlackTeamCountry "GER"]

1. d4 Nf6 2. Nf3 e6 3. c4 b6 4. g3 Ba6 5. b3 Bb4+ 6. Bd2 Be7 7. Bg2 c6 8. Bc3
d5 9. Ne5 Nfd7 10. Nxd7 Nxd7 11. Nd2 O-O 12. O-O Rc8 13. e4 c5 14. exd5 exd5
15. dxc5 dxc4 16. c6 cxb3 17. Re1 b2 18. Bxb2 Nc5 19. Ba3 Bf6 20. Rc1 Bg5 21.
Rc2 Bb5 22. Nb3 Qxd1 23. Rxd1 Bxc6 24. Nxc5 Bxg2 25. Kxg2 Be7 26. Rdc1 Rfe8 27.
Rc3 bxc5 28. Bxc5 Bxc5 29. Rxc5 Rxc5 30. Rxc5 g6 31. Rc7 Re2 32. Rxa7 h5 33.
Kf3 Rc2 34. h4 Kg7 35. Ra6 {In der Folge manövriert Dautov so geschickt mit
seinem Turm, dass Alterman erst sehr spät zu dem sonst typischen Gegenspiel am
Königsflügel kommt. Zudem nimmt Dautov eine Bauernstellung am Königsflügel ein,
die es dem Gegner nur unter großem Zeitverlust ermöglichen würde, einen Bauern
zu erobern.} Rb2 36. Ke3 Rc2 37. Ra4 Rb2 38. f3 Rc2 39. Ra6 Rb2 40. Ra8 Kf6 41.
Ra4 Kg7 42. Ra6 Rc2 43. a4 Ra2 44. Ke4 Ra3 45. Ra8 Kf6 46. Ra6+ Kg7 47. a5 Ra4+
48. Kd5 Ra3 49. Kc6 Rc3+ (49... Rxf3 50. Rb6 Rxg3 51. a6 f6 52. a7 Ra3 53. Kb7
Rxa7+ 54. Kxa7 g5 {und nun ist zu prüfen, welcher der Züge wie R b1, R b4 oder
Kb7 der korrekte ist.}) 50. Kb7 Ra3 51. f4 Ra1 52. Ra8 Kf6 53. a6 Kf5 54. Rf8
Rb1+ 55. Ka7 f6 56. Rb8 Re1 57. Rb3 Kg4 58. Kb6 Re6+ 59. Ka5 Re7 60. Ra3 g5 61.
fxg5 fxg5 62. hxg5 Re5+ 63. Kb6 Rxg5 64. a7 Rg8 65. Rc3 Rg6+ 66. Kb7 Rg7+ 67.
Kb8 {[%mdl 4128] Die Gewinntechnik im letzten Teil ist äußerst instruktiv!} 1-0

[Event "Dresden zt 1.2"]
[Site "Dresden"]
[Date "1998.05.09"]
[Round "11"]
[White "Dautov, Rustem"]
[Black "Huzman, Alexander"]
[Result "1-0"]
[WhiteElo "2600"]
[BlackElo "2610"]
[Annotator "Dautov,R"]
[PlyCount "49"]
[EventDate "1998.04.28"]
[EventType "swiss"]
[EventRounds "11"]
[EventCountry "GER"]
[SourceTitle "CBM 065"]
[Source "ChessBase"]
[SourceDate "1998.08.06"]
[SourceVersion "1"]
[SourceVersionDate "1998.08.06"]
[SourceQuality "1"]

1. d4 Nf6 2. c4 e6 3. Nf3 b6 4. g3 Ba6 5. b3 Bb4+ 6. Bd2 Be7 7. Bg2 c6 8. Bc3
d5 9. Ne5 O-O 10. Nd2 Bb7 11. O-O Na6 12. e4 c5 13. exd5 exd5 14. Re1 (14. Ng4
$6 Qd7 15. Ne5 Qc8 $11 {Torre,E-Karpov,A/Tilburg 1982}) 14... cxd4 15. Bxd4 Nc5
16. Bb2 $5 $146 {/\b4} (16. Ng4 dxc4 17. Nxc4 Bxg2 18. Kxg2 Nxg4 19. Qxg4 Bf6
20. Rad1 h5 $1 21. Bxf6 hxg4 22. Bxd8 Raxd8 23. Ne3 Nd3 24. Re2 Ne5 25. Red2
Rxd2 26. Rxd2 g6 $11 {Kamsky,G-Karpov,A/Fide-Wch (Elista) 1996}) (16. b4 $6 Ne6
17. Bc3 d4 $1) 16... Rc8 (16... Re8 $5 17. b4 Ncd7 18. Qb3 Nxe5 19. Rxe5 dxc4
20. Nxc4 Bxg2 21. Kxg2 Qc7 22. Rae1 Bf8 $11) 17. b4 (17. Ng4 Nd3 18. Rxe7 Qxe7
19. Bxf6 gxf6 20. Qf3 Ne5 21. Qxf6 (21. Nxf6+ Kg7 22. Nh5+ Kh6) 21... Qxf6 22.
Nxf6+ Kg7 23. Nxd5 Bxd5 24. Bxd5 Ng4 $11) 17... Nce4 (17... Ne6 18. a3 $14) (
17... Ncd7 $1 18. a3 (18. Qa4 Nxe5 19. Bxe5 Ng4 $1 20. Bf4 (20. Qxa7 Bxb4) (20.
Bh3 $2 Nxe5 21. Bxc8 Qxc8 22. Rxe5 Bf6 $17) 20... Bf6 21. Rad1 Bd4 $132) 18...
Nxe5 19. Rxe5 Qd7 $11 20. Qf1 (20. Bh3 $6 Qxh3 21. Rxe7 Ba8 {/\dxc4}) (20. Qe2
Bd6 21. Rg5 $2 (21. Re3 Ng4 $1) 21... h6 $17) 20... dxc4 21. Bxb7 Qxb7 22. Nxc4
Rfd8 $11) 18. Nxe4 dxe4 19. Qb3 {><e4} Qc7 (19... Bd6 $5 {Huzman} 20. Rac1 Qe7
(20... Re8 21. Nxf7 $1 Kxf7 22. c5+ Bd5 23. Bxf6 Bxb3 24. Bxd8 bxc5 25. axb3
Rexd8 26. Bxe4 $16) 21. Nd3 $13) 20. Rac1 Bd6 21. Qc3 {/\Ng4} Qe7 22. Nd3 (22.
a3 $1 {/\Ng4} Qe6 (22... h5 23. Nf3 $14) 23. Nf3 (23. Red1 Rfd8 $11) 23... Qf5
24. Nd4 (24. Nd2 Rfe8 25. Qc2 Be5 $11) 24... Qg6 (24... Qh5 $2 25. Nb5 Bb8 26.
Bxe4 $16) 25. Bh3 Rcd8 26. Nf5 $14) 22... Qc7 $4 (22... Rfd8 23. f3 (23. c5 $2
Qf8 $1) 23... e3 24. Rc2 (24. c5 bxc5 25. Nxc5 e2 $13) 24... Qe6 25. Qb3 $14 {
><e3}) (22... Rfe8 23. c5 (23. a3 $2 Qc7 $17) 23... Qf8 $1 $13 {/\} (23... Qd7
24. Nf4 (24. Qd4 Bf8 (24... exd3 25. Rxe8+ Nxe8 26. Re1 $1 $16) 25. Nf4 $13)
24... Bxf4 (24... bxc5 25. Bh3) 25. gxf4 $14) (23... Bb8 24. Nf4 Bxf4 25. gxf4
bxc5 26. bxc5 $14) 24. Qd2 Be7) 23. Bxe4 $18 Bxe4 24. Rxe4 Qc6 $2 (24... Rfe8
$142) 25. Qxf6 1-0

[Event "BL2-West 9899"]
[Site "Germany"]
[Date "1999.03.07"]
[Round "7.2"]
[White "Aleksandrov, Aleksej"]
[Black "Dautov, Rustem"]
[Result "0-1"]
[WhiteElo "2615"]
[BlackElo "2625"]
[Annotator "Dautov,R"]
[PlyCount "84"]
[EventDate "1998.10.??"]
[EventType "team-tourn"]
[EventRounds "9"]
[EventCountry "GER"]
[SourceTitle "CBM 069"]
[Source "ChessBase"]
[SourceDate "1999.04.01"]
[SourceVersion "1"]
[SourceVersionDate "1999.04.01"]
[SourceQuality "1"]
[WhiteTeam "Plettenberg"]
[BlackTeam "Godesberg"]
[WhiteTeamCountry "GER"]
[BlackTeamCountry "GER"]

1. e4 c6 2. d4 d5 3. exd5 cxd5 4. c4 Nf6 5. Nc3 e6 6. Nf3 Bb4 7. cxd5 Nxd5 8.
Qc2 Nc6 9. Bd3 Ba5 10. a3 Nxc3 11. bxc3 Nxd4 12. Nxd4 Qxd4 13. Bb5+ Bd7 14. O-O
Qd5 15. c4 Qf5 16. Bxd7+ Kxd7 17. Qb3 $5 $146 {Eine Neuerung in dieser
bekannten Stellung. Weiß unternahm auch andere Versuche, um die disponierte
Lage des gegnerischen Königs auszunutzen:} (17. Qa4+ Ke7 18. c5 $1 (18. Rb1 b6
19. Rb5 Qe4 $17) 18... b6 $1 19. Bf4 e5 20. Be3 Rac8 $6 (20... Rhd8 $142 $15)
21. Rab1 Qe6 22. Rfd1 Rhd8 23. Qh4+ $11 {1/2-1/2 Wahls,M-Dautov,R/Germany 1997}
) (17. Qb2 b6 18. Rd1+ Ke7 19. Be3 Rad8 20. Rxd8 Rxd8 21. Qxg7 Bd2 $11) 17...
b6 {Die beste Verteidigung. Die Alternativen waren zu gefährlich:} (17... Bb6
$2 18. Be3 $16) (17... Rhd8 $2 18. Qxb7+ Ke8 19. Be3 $16) (17... Kc7 18. Rb1 b6
19. Qg3+ Kb7 20. Be3 $5 $40) 18. Rd1+ Ke7 19. a4 $1 {Dies ist die Idee der
Neuerung im 17. Zug - der weiße Läufer wird auf der Diagonale a3-f8 aktiv. Der
schwarze Ba5 ist dagegen sehr in seiner Bewegung eingeschränkt.} Rhd8 20. Ba3+
Kf6 {Die Flucht nach vorn!} (20... Ke8 {gefiel mir während der Partie nicht,
denn nach} 21. c5 $1 {bekommt es Schwarz mit einem unangenehmen Freibauern zu
tun.} f6 (21... Rd5 $2 {ist äußerst riskant} 22. Qb5+ Kd8 23. cxb6 Bxb6 24.
Rxd5+ Qxd5 (24... exd5 25. Rd1 $40) 25. Qb4 $16 {mit heftigem weißen Angriff.})
22. c6 (22. Qb5+ Kf7 23. Rd7+ Kg8 $13) 22... Rd5 23. c7 {mit der Absicht
Qc4-c6(a6). Schwarz steht sehr unter Druck.}) 21. Bd6 {Mit der eindeutigen
Absicht Rd3-f3.} g5 $8 (21... g6 $2 22. Qb2+ e5 23. f4 Kg7 24. fxe5 $16 {
,und Weiß spielt praktisch mit einem Mehrläufer.}) 22. Rd3 Kg7 {Besser wäre 23.
..Kg6.} 23. Rad1 (23. Rf3 $2 Qg6 24. Be7 {/\Bd8,Bg5 scheint auf den ersten
Blick sehr stark zu sein, aber} g4 $1 {, und Schwarz ist außer Gefahr.} (24...
Rd2 $2 25. Bxg5 $16) 25. Qb2+ Kg8 26. Rf6 Qd3 27. Bxd8 Rxd8 $19 {mit der
Doppeldrohung Qd1 und Bc3.}) 23... Rac8 $5 {Etwas frech gespielt. Solider wäre
ein prophylaktischer Zug wie 23...f6.} 24. h4 g4 (24... gxh4 $2 25. Rd4 $40 Qg5
$2 26. f4 Qf5 27. Be5+ $16) 25. f3 $6 {Auf der Suche nach
Angriffsmöglichkeiten öffnet Weiß die f-Linie und schwächt damit den eigenen
König. Zu einer ausgeglichenen Stellung führte 25.Be5+.} (25. Be5+ Qxe5 26.
Rxd8 Rxd8 27. Rxd8 Qe1+ 28. Kh2 Qxf2 29. Qg3 $11) 25... h5 26. fxg4 hxg4 27.
Rf1 Qg6 28. Qd1 {/\Be5} Kg8 29. Rd4 $6 ({Weiß sollte mittels} 29. Rf4 $1 f5 30.
Be5 (30. Rg3 Kh7 $17) 30... Rxd3 31. Qxd3 $15 {die d-Linie übernehmen (Absicht
Qd7 und Rd4-d7).}) 29... f5 30. Rff4 $2 {/\Rg4 Versucht mit Gewalt, die
Bauernkette vor dem schwarzen König zu sprengen, aber...} (30. Be5 Rxd4 31.
Qxd4 Bb4 $17) 30... Bc3 $1 $19 {Dieser Stich wurde von Weiß übersehen. Der
ausgeschlossene Läufer kommt mit großer Kraft ins Spiel zurück. Der Rest der
Partie ist leicht verständlich.} 31. Rd3 (31. Rxg4 Bxd4+ $19) 31... Bg7 32. Rf2
$138 Rxc4 33. Rfd2 Bh6 34. Be5 Rxd3 35. Rxd3 Rc1 36. Rd8+ Kf7 37. Rd7+ Kf8 38.
Rd8+ Qe8 39. Rxe8+ Kxe8 40. Qxc1 Bxc1 41. g3 a6 42. Kf2 Kf7 0-1

[Event "Julian Borowski 1st"]
[Site "Essen"]
[Date "1999.03.27"]
[Round "1"]
[White "Dautov, Rustem"]
[Black "Sutovsky, Emil"]
[Result "1-0"]
[WhiteElo "2598"]
[BlackElo "2612"]
[Annotator "Dautov,R"]
[PlyCount "123"]
[EventDate "1999.03.??"]
[EventType "tourn"]
[EventRounds "9"]
[EventCountry "GER"]
[EventCategory "14"]
[SourceTitle "CBM 071"]
[Source "ChessBase"]
[SourceDate "1999.08.01"]
[SourceVersion "1"]
[SourceVersionDate "1999.08.01"]
[SourceQuality "1"]

1. d4 Nf6 2. c4 g6 3. Nf3 Bg7 4. g3 d5 {Der Zug war als eine Überraschung
geplant, bisher wählte Sutovskij in dieser Stellung den königsindischen Aufbau.
Zum Glück vermutete ich, daß mein Gegner nach der misslungenen Eröffnung in
unserer letzten Partie keine Lust auf eine Wiederholung hatte. Die besagte
Partie Dautov-Sutovskij, Bad Homburg 1997 begann ziemlich amateurverdächtig} 5.
cxd5 Nxd5 6. Bg2 Nb6 7. Nc3 Nc6 8. e3 O-O 9. O-O Re8 10. d5 Na5 11. Nd4 Bd7 12.
e4 c5 (12... c6 13. b3 cxd5 14. exd5 Rc8 (14... e6 15. dxe6 Bxe6 16. Be3 $14)
15. Bb2 Nbc4 $1 16. bxc4 Qb6 17. Ne6 $1 Nxc4 18. Nxg7 Nxb2 19. Qc2 {Remis,
Kharitonov,A-Makarov,M/RUS-ch 1994} Kxg7 20. Rab1 Qf6 $11) 13. Nf3 $1 $146 {
Erstaunlicherweiser stellt dieser natürliche Zug eine Neuerung dar. Die Idee
besteht in der Möglichkeit, nach dem eventuellen Vorstoß e7-e6 den Tempozug
Bg5 zur Verfügung zu haben.} (13. Nb3 Na4 $1 14. Qc2 (14. Qf3 $11) 14... Nxc3
15. bxc3 Ba4 16. Qb2 Qb6 $15 {Ribli,Z-Wolff,P/Groningen 1993}) (13. Nde2 e6 14.
Bf4 exd5 15. exd5 g5 16. Bc1 Bf5 $11 {Itkis,B-Popovic,P/Igalo 1994}) 13... Nbc4
$1 (13... e6 14. Bg5 f6 15. Bf4 g5 16. Be3 $14) (13... Nac4 14. Qc2 e6 15. Bg5
f6 16. dxe6 Bxe6 17. Rad1 Qe7 18. Bf4 $14) {/\b3} 14. Qc2 (14. Qe2 $2 b5 15. e5
b4 16. Ne4 Bg4 $1 {, und die exponierten weißen Bauern sind unter starkem
Beschuß.}) 14... b5 15. b3 $1 (15. Bf4 $2 b4 16. Nd1 e6 17. dxe6 Bxe6 $15)
15... b4 (15... Nb6 16. Bb2 b4 17. Nd1 Bb5 18. Re1 Bxb2 19. Nxb2 $14) 16. bxc4
Bxc3 17. Bb2 (17. Bd2 $5 Bxa1 18. Rxa1 Nb7 (18... e5 $2 19. a3 $1) 19. e5 Bf5
20. Qb2 $44) 17... Bxb2 (17... Ba4 18. Qc1) 18. Qxb2 Nxc4 19. Qc1 Bb5 ({
Nach der Einladung} 19... Nd6 $2 {kann Weiß die Kraft seines Königsangriffs
unter Beweis stellen:} 20. e5 Ne4 (20... Nb7 21. e6 $1 fxe6 22. Qh6 $18) (20...
Nf5 21. Qxc5 $16) 21. Re1 Nc3 (21... f5 22. Qh6 e6 23. d6 Bc6 24. Ng5 $16) 22.
e6 $1 fxe6 23. Qh6 Nxd5 24. Ng5 Nf6 25. Rxe6 $1 $18) 20. Qh6 f6 21. Rfc1 $1 {
Die erste kritische Stellung der Partie. Für einen Bauern bekam Weiß eine
aussichtsreiche Angriffsstellung. Seine Hauptdrohung besteht in Bh3-e6+ mit
dem weiteren Nh4 oder Bf7.} Nd6 $1 (21... Rc8 $2 22. Bh3 Rc7 23. Be6+ Kh8 24.
Bf7 $16) (21... Qb6 $2 22. Bh3 Nd6 23. Be6+ Kh8 24. Nh4 Rg8 25. Bxg8 $16) (
21... Qd6 22. Bf1 $1 (22. Bh3 e5) 22... Na3 23. Bh3 e5 (23... Bd7 24. Bxd7 Qxd7
25. Rxc5 Rac8 26. Nd4 $1 $16) 24. dxe6 $40) 22. Rxc5 Qb6 23. Qe3 $1 (23. Nd4 e5
$1 (23... Bd7 $2 24. Rac1 Rac8 25. Nc6 $16) (23... Nf7 $6 24. Qc1 Ne5 25. Nxb5
$1 (25. Rxb5 Qxd4) (25. Qh6 Nf7) 25... Nd3 26. Qc4 Nxc5 27. Nc7 $1 Kh8 (27...
Rac8 28. Nxe8 Rxe8 29. Rc1 $16) 28. Nxa8 Rxa8 29. e5 $1 fxe5 30. d6 Re8 31. Qf7
Qd8 32. Bc6 $18) 24. Nb3 a5 25. Rac1 Ra7 $1 $11) 23... Nc4 ({Als Alternative
standen Schwarz viele verschiedene mehr oder minder schlechtere Endspiele zu
Verfügung. Z.B.} 23... Rac8 24. Rxc8 Rxc8 (24... Nxc8 25. Qxb6 Nxb6 26. Nd4 $14
) 25. Qxb6 axb6 26. Nd4 $1 (26. e5 $2 fxe5 27. Nxe5 Ra8 {/\b3}) 26... Bd3 (
26... Ra8 27. f4 {/\e5}) 27. Nc6 $1 (27. f3 Ra8 $11) 27... Ra8 28. Nxb4 Bxe4
29. Bxe4 Nxe4 30. Re1 $14) (23... Nb7 24. Rcc1 Qxe3 25. fxe3 Rac8 (25... e5 $2
26. dxe6 Rxe6 27. e5 $1 fxe5 28. Rc7 $16) 26. e5 $14) 24. Qd4 Rac8 25. Rxc8
Rxc8 26. Rc1 Qxd4 $2 (26... Qa6 27. Bf1 $1 (27. Bh3 $2 Ne5 $1 28. Rxc8+ Qxc8
$15 {Dieses Motiv kommt in vielen Varianten vor.}) 27... Nd6 (27... Qxa2 $2 28.
d6 $1 $18) 28. Rxc8+ Nxc8 29. Bxb5 (29. Bh3 $2 Qxa2) 29... Qxb5 30. e5 fxe5 (
30... Qe2 $2 31. d6 $1 exd6 32. Qd5+ Kf8 33. exf6 $18) 31. Qxe5 $16) (26... Ba6
$1 27. Bf1 (27. Qxb6 Nxb6 28. Rxc8+ Nxc8 $11) 27... Ne5 $1 28. Qxb6 Nxf3+ 29.
Kg2 Ne1+ $1 (29... Bxf1+ $4 30. Kxf3) (29... Nh4+ $2 30. gxh4 axb6 (30... Bxf1+
$4 31. Kg3 $18) 31. Rxc8+ Bxc8 32. Bc4 $16) 30. Rxe1 Bxf1+ 31. Rxf1 (31. Kxf1
axb6 32. Rb1 Rc4 33. f3 g5 $11) 31... axb6 32. Rb1 Rc4 33. Kf3 g5 $11) 27. Nxd4
Bd7 28. Nc6 Bxc6 29. Bh3 $1 (29. Rxc4 $2 Bb7 30. Rxc8+ (30. Rxb4 $4 Rc1+ 31.
Bf1 Ba6) 30... Bxc8) (29. dxc6 Nd6 $14) 29... f5 30. Rxc4 Bb7 31. Rxb4 Ba6 32.
Kg2 {Jetzt ist dieses Feld frei für den weißen König. Schwarz verliert einen
Bauern, und sein Gegenspiel ist für Remis nicht ausreichend.} (32. Rb1 $2 Bd3
$11) 32... Rc1 33. Kf3 Rc3+ 34. Kf4 Rc2 35. Ke3 fxe4 (35... Rc3+ 36. Kd4 Rf3
37. Rb2 $18) 36. Rxe4 Rxa2 37. Be6+ Kg7 38. Rf4 {Der Bauer e7 geht verloren.
Schwarz opfert auch einen zweiten und versucht vergebens ein Spiel gegen den
weißen König.} Re2+ (38... Ra3+ 39. Kd2 Ra2+ 40. Kc3 $18) 39. Kf3 Re1 40. Rf7+
Kh6 41. Rxe7 Bd3 42. Rxa7 g5 {/\Kg6,h5} 43. h4 $1 Kg6 44. hxg5 Kxg5 45. Ra4
Be2+ 46. Kg2 Bf1+ 47. Kh2 Rd1 48. f4+ Kh5 49. Re4 Rd2+ 50. Kg1 Bg2 51. Re5+ Kg6
52. g4 Bf3 53. g5 Rd4 54. f5+ $1 Kg7 (54... Kxg5 55. f6+ Kh6 (55... Kf4 56. f7
Rd1+ 57. Kf2 Rd2+ 58. Kf1 $18) 56. f7 Rf4 57. d6 Bc6 58. Rc5 Ba4 59. Rc4 $18)
55. f6+ Kf8 56. Kf2 Bh1 57. Ke3 Rd1 58. Kf4 Rd4+ 59. Kg3 Be4 60. Kf2 Bg6 61.
Re1 h6 62. Rh1 1-0